[Event "ICS Rated standard match"]
[Site "207.99.83.229"]
[Date "1999.06.26"]
[Round "?"]
[White "chessassassin"]
[Black "Hossa"]
[Result "0-1"]
[WhiteElo "1934"]
[BlackElo "2231"]
[PlyCount "94"]

1. d4 Nf6 2. Nf3 e6 3. Bf4 c5 4. e3 Qb6 5. Qc1 cxd4 6. exd4 Nc6 7. c3 Be7 8.
Nbd2 d5 9. Bd3 Bd7 10. h3 Rc8 11. Bc2 Qb5 12. Qb1 O-O 13. Bd3 Qb6 14. O-O Kh8
15. Re1 a5 16. Ne5 Be8 17. Bg5 h6 18. Nxc6 Bxc6 19. Bh4 a4 20. a3 Rce8 21. Bg3
Bb5 22. Bc2 Bd6 23. Bxd6 Qxd6 24. Nf3 Qf4 25. Ne5 Nd7 26. Qd1 Nxe5 27. Rxe5 Ra8
28. Qe1 Ra6 29. Rd1 Rb6 30. Re3 Bc4 31. Rf3 Qd6 32. Bb1 Rxb2 33. Rd2 Qxa3 34.
Bc2 Qa2 35. Qxe6 Rxc2 36. Qe7 Kg8 37. Rxc2 Qxc2 38. Rg3 Qc1+ 39. Kh2 a3 40. Qf6
g6 41. h4 a2 42. h5 a1=Q 43. Kh3 Qh1+ 44. Kg4 Qxh5+ 45. Kf4 Qc1+ 46. Re3 Qh2+
47. Kf3 47... Qd1+ {chessassassin resigns} 0-1

[Event "ICS Rated standard match"]
[Site "207.99.83.229"]
[Date "1999.06.26"]
[Round "?"]
[White "SPIKE-1"]
[Black "Hossa"]
[Result "1-0"]
[WhiteElo "2363"]
[BlackElo "2236"]
[PlyCount "94"]

1. e4 e5 2. Nf3 Nf6 3. Nxe5 d6 4. Nf3 Nxe4 5. Qe2 Qe7 6. d3 Nf6 7. Bg5 Qxe2+ 8.
Bxe2 Be7 9. Nc3 O-O 10. O-O-O Nc6 11. d4 Re8 12. Rhe1 Bf5 13. Bxf6 Bxf6 14. Nd5
Rac8 15. h3 Re6 16. Bb5 a6 17. Bf1 Be7 18. Ne3 Rf6 19. Nxf5 Rxf5 20. Re3 Re8
21. Kb1 Ra5 22. Rde1 d5 23. a3 Ra4 24. Bc4 dxc4 25. d5 Rf8 26. dxc6 Bc5 27.
R3e2 b5 28. Ne5 Bd4 29. Nd7 g6 30. Rd1 Bxb2 31. Kxb2 Rc8 32. Nf6+ Kh8 33. Rd7
Kg7 34. Nd5 h5 35. Ree7 c3+ 36. Kxc3 Rc4+ 37. Kb3 Rf8 38. Nxc7 Kh6 39. Rd6 Rf4
40. Re8 Rxe8 41. Nxe8 a5 42. c7 Rc4 43. Rd3 a4+ 44. Kb2 b4 45. axb4 g5 46. b5
f6 47. b6 47... g4 {Hossa resigns} 1-0

[Event "ICS rated standard match"]
[Site "207.99.83.229"]
[Date "1999.06.26"]
[Round "?"]
[White "Hossa"]
[Black "SPIKE-1"]
[Result "1/2-1/2"]
[WhiteElo "2226"]
[BlackElo "2373"]
[PlyCount "74"]

1. e4 c5 2. Nf3 Nc6 3. d4 cxd4 4. Nxd4 Nf6 5. Nc3 d6 6. Bg5 e6 7. Qd2 a6 8.
O-O-O h6 9. Nxc6 bxc6 10. Bf4 d5 11. Qd4 Qa5 12. f3 Bb4 13. Rd3 c5 14. Qe5 d4
15. Nb1 Qxa2 16. c3 dxc3 17. Nxc3 Qa5 18. Re3 Bb7 19. g3 Rd8 20. Kb1 O-O 21.
Bxh6 Bxc3 22. Rxc3 gxh6 23. Qxf6 Rd1+ 24. Rc1 Rxc1+ 25. Kxc1 Qe1+ 26. Kc2 Bxe4+
27. fxe4 Qxe4+ 28. Bd3 Qg2+ 29. Kc3 Qxh1 30. Qxh6 Qe1+ 31. Kc2 Qf2+ 32. Kb1 Re8
33. Bh7+ Kh8 34. Bd3+ Kg8 35. Bh7+ Kh8 36. Bd3+ Kg8 37. Bh7+ 37... Kh8 {
Game drawn by repetition} 1/2-1/2

[Event "ICS rated blitz match"]
[Site "207.99.83.229"]
[Date "1999.06.26"]
[Round "?"]
[White "Talmoves"]
[Black "Hossa"]
[Result "1-0"]
[WhiteElo "2533"]
[BlackElo "2372"]
[PlyCount "92"]

1. c4 g6 2. d4 Bg7 3. Nc3 c5 4. d5 Nf6 5. e4 Qa5 6. Bd2 d6 7. f3 O-O 8. Bd3 Na6
9. a3 Nd7 10. Be2 Nc7 11. Nh3 Ne5 12. Nf2 Qa6 13. Qb3 b5 14. cxb5 Qb6 15. a4 c4
16. Bxc4 f5 17. a5 Qc5 18. Be2 fxe4 19. Nfxe4 Qd4 20. Rd1 Nd7 21. Bh6 Qe5 22.
Bxg7 Qxg7 23. Qc4 Ne8 24. O-O Bb7 25. Ng5 Rf5 26. Qh4 Nc7 27. Bd3 Rf6 28. a6
Bc8 29. Bc2 Rb8 30. Rde1 Ne5 31. f4 Nd7 32. Re3 h6 33. Ne6 Nxe6 34. dxe6 Nb6
35. f5 g5 36. Qg4 Rf8 37. Rd1 Kh8 38. Rh3 Kg8 39. Rh5 Qf6 40. Qh3 Kg7 41. Ne4
Qe5 42. Rxh6 Qxf5 43. g4 Bxe6 44. gxf5 Bxf5 45. Qh5 Nc8 46. Nxd6 46... exd6 {
Hossa resigns} 1-0

[Event "ICS Rated standard match"]
[Site "207.99.83.229"]
[Date "1999.06.26"]
[Round "?"]
[White "koon"]
[Black "Hossa"]
[Result "0-1"]
[WhiteElo "1907"]
[BlackElo "2232"]
[Annotator "Fritz 5.32 (22s)"]
[PlyCount "62"]

1. Nf3 Nf6 2. c4 c5 3. Nc3 e6 4. e4 Nc6 5. d3 Be7 6. Be2 O-O 7. O-O d5 8. e5
Ng4 9. Bf4 f6 10. cxd5 $15 (10. exf6 Bxf6 11. Bg3 11... b6 $11) 10... exd5 ({
Nachteilig ist} 10... Ncxe5 11. dxe6 Ng6 12. Bc1 $11) 11. exf6 Bxf6 12. Bg3 Be6
13. h3 $15 (13. Rc1 13... Nge5 $11) 13... Nge5 (13... Nh6 14. Re1 $17) 14. Rc1
Nxf3+ 15. Bxf3 Bg5 16. Rc2 $2 $19 (16. Rb1 $15 $142 {sieht noch spielbar aus})
16... Nd4 17. Re1 17... Nxf3+ $17 (17... Qd7 18. h4 Bf4 19. Rxe6 Bxg3 20. Bxd5
$17) 18. gxf3 Bxh3 19. Re5 $19 (19. Rce2 Bf4 (19... Rxf3 $2 {funktioniert nicht
} 20. Re8+ Qxe8 21. Rxe8+ Rxe8 22. Qxf3 $18) 20. Qb3 Bxg3 21. fxg3 Rxf3 22.
Re8+ Qxe8 23. Rxe8+ Rxe8 24. Qxd5+ 24... Rf7 $17) 19... Rf5 20. Rce2 Bf6 (20...
Rxf3 $2 {laeuft nicht} 21. Re8+ Rf8 22. Rxd8 Raxd8 23. Re5 $18) 21. Rxf5 Bxf5
22. Qb3 Bxd3 23. Nxd5 $2 (23. Bc7 $142 23... Qxc7 24. Qxd5+ Qf7 25. Qxd3 $19)
23... Bxe2 24. Nxf6+ Kh8 25. Ne4 c4 26. Qxb7 (26. Qe3 {ist noch eine Idee}
26... Qd1+ 27. Kg2 $19) 26... Bxf3 {Droht Matt: Qd1} 27. Be5 Qd1+ 28. Kh2 Qh1+
29. Kg3 {Mit der Mattdrohung Qxa8} 29... Qg2+ 30. Kf4 Bxe4 (30... Rf8+ {
gibt noch groesseren Vorteil} 31. Ke3 Bxe4 32. Qe7 $19) 31. Qxe4 (31. Bxg7+ {
ist der letzte Strohhalm} 31... Qxg7 32. Qxg7+ Kxg7 33. Kxe4 $19) 31... Rf8+ (
31... Rf8+ 32. Bf6 Rxf6+ 33. Ke5 Re6+ 34. Kxe6 Qxe4+ 35. Kd6 Qd4+ 36. Ke6 36...
Qxb2 $19) 0-1

[Event "ICS rated standard match"]
[Site "207.99.83.229"]
[Date "1999.06.27"]
[Round "?"]
[White "robbok1"]
[Black "Hossa"]
[Result "1-0"]
[WhiteElo "2468"]
[BlackElo "2236"]
[Annotator "Fritz 5.32 (22s)"]
[PlyCount "66"]

1. e4 e5 2. Nf3 Nf6 3. Nxe5 d6 4. Nf3 Nxe4 5. d4 d5 6. Bd3 Bd6 7. O-O O-O 8. c4
8... Nd7 $16 (8... c6 9. Re1 $14) 9. cxd5 Nef6 10. Nc3 Re8 11. Qb3 11... a5 $16
(11... Nb6 12. Bg5 $14) 12. Bg5 h6 13. Bh4 Re7 14. Rae1 Rxe1 15. Rxe1 Qf8 (
15... g5 16. Bg3 $14) 16. Bb5 (16. Ne5 16... Nh5 $16) 16... Rb8 (16... g5 17.
Bg3 Bxg3 18. fxg3 $16) 17. Qc2 (17. Ne5 g5 18. Bxd7 18... Bxd7 $16) 17... Kh8
$18 (17... g5 18. Bg3 $16) 18. Ne5 $16 (18. Bxd7 Bxd7 19. Bxf6 19... gxf6 $16)
18... Ra8 $18 (18... g5 $5 19. Bg3 19... Nb6 $18) 19. Nxd7 Nxd7 20. Qe2 Qg8 21.
Qh5 Qf8 22. Qe2 $4 $11 {danach wendet sich das Blatt} (22. Ne4 $142 {
mit klarem Vorteil fuer Weiss} 22... Bb4 23. Rc1 $18) 22... Qg8 23. a3 Nf8 24.
Be7 {Weiss entwickelt eine toedliche Initiative} 24... Ng6 (24... Bd7 25. Bxf8
Bxb5 26. Bxg7+ Qxg7 27. Nxb5 27... Rg8 $18) 25. Bxd6 cxd6 26. Qf3 {
Mit der Drohung Re8} 26... Nh4 (26... Nf8 {
aendert den traurigen Lauf der Dinge nicht} 27. Re8 b6 28. Bc6 $18) 27. Qg3 Nf5
28. Qd3 {Weiss droht Re8} 28... Be6 29. dxe6 fxe6 30. d5 Rb8 31. dxe6 {
Der Freibauer e6 fuehrt schnell zu Drohungen} 31... Qf8 (31... Ne7 32. Nd5 Re8
33. Bxe8 $18) 32. Nd5 Ne7 (32... Rd8 {aendert nichts am Ausgang der Partie} 33.
g4 Ne7 34. Nxe7 Qxe7 35. Qg6 $18) 33. Nxe7 $1 {das wars} 33... Qxe7 1-0

[Event "ICS Rated standard match"]
[Site "207.99.83.229"]
[Date "1999.06.27"]
[Round "?"]
[White "Hossa"]
[Black "robbok1"]
[Result "0-1"]
[WhiteElo "2229"]
[BlackElo "2475"]
[Annotator "Fritz 5.32 (22s)"]
[PlyCount "87"]

1. e4 c5 2. Nf3 Nc6 3. d4 cxd4 4. Nxd4 e5 5. Nb5 d6 6. N1c3 a6 7. Na3 b5 8. Nd5
Nce7 9. c4 Nxd5 10. exd5 bxc4 11. Nxc4 Nf6 12. Be3 Rb8 13. Qa4+ $146 (13. Be2
Be7 14. O-O O-O 15. a4 Qd7 (15... Bf5 16. f4 Be4 17. fxe5 Nxd5 18. Qd4 Nxe3 19.
Nxe3 d5 20. Bxa6 Rb4 21. Qa7 Rxb2 22. Qd4 Qb8 23. Bb5 Rb4 24. Qd2 Qxe5 25. Ng4
Qh5 26. h3 Bc5+ 27. Kh2 Bd6+ 28. Kg1 Rb3 29. Be2 Bc5+ 30. Kh2 Qh4 31. Rf3 Bxf3
32. Bxf3 h5 33. Qxd5 hxg4 34. Qxb3 Bd6+ 35. Kg1 35... gxf3 {
0-1 COMP,M-II,C/24th ACM Computer Chess Champ 1994 (35)}) (15... Bb7 16. Nb6
Ne4 17. a5 f5 18. f3 f4 19. fxe4 fxe3 20. Qd3 Bg5 21. Rxf8+ Qxf8 22. Rf1 Qe7
23. Bg4 Kh8 24. g3 Bh6 25. Be6 g6 26. Rf7 Qg5 27. Qe2 Bg7 28. Kg2 h5 29. h4 Qh6
30. Kf3 g5 31. Qxe3 g4+ 32. Ke2 Qg6 33. Kd3 Bc8 34. Rxg7 Kxg7 35. Bxc8 Qf6 36.
Qg5+ Qxg5 37. hxg5 Kg6 38. Ke3 Kxg5 39. Kf2 h4 40. gxh4+ Kf4 41. h5 {
1-0 Aljosa,G-Evgeny,S/Bled 1990 (41)}) 16. Nb6 Qf5 17. Nxc8 Qxc8 18. Rc1 Qf5
19. b3 a5 20. h3 e4 21. Bc4 Nd7 22. Qg4 Qxg4 23. hxg4 Ne5 24. g5 f5 25. gxf6
Bxf6 26. Bb5 Rb7 27. Bd2 Ng4 28. Rc4 Re7 29. Bxa5 Be5 30. g3 Ref7 31. Rxe4 Nxf2
32. Rxe5 dxe5 33. d6 Nh3+ 34. Kg2 Rxf1 35. Bxf1 {
1-0 Bologan,V-Milov,V/New York 1997/Inf 69/[Bologan,V] (35)}) 13... Qd7 14.
Qxd7+ Bxd7 15. Nb6 Bb5 16. Bxb5+ axb5 17. Rc1 $11 (17. a4 bxa4 18. Rxa4 18...
Be7 $14) 17... Be7 18. O-O $15 (18. Rc6 Bd8 19. Rxd6 19... Bc7 $11) 18... Bd8
19. Rfd1 $17 (19. Rc8 Rxc8 20. Nxc8 20... Kd7 $15) 19... Ng4 $1 {
bleibt am Druecker} (19... Bxb6 $6 20. Bxb6 Ke7 21. Rc6 $14) 20. Nc8 Nxe3 21.
fxe3 Kd7 22. Rd3 $2 (22. Na7 $142 22... Bb6 23. Nc6 Bxe3+ 24. Kf1 Bxc1 25.
Nxb8+ Rxb8 26. Rxc1 $19) 22... Rxc8 23. Rxc8 Kxc8 24. Rb3 Bb6 25. Kf2 Kc7 (
25... Kb7 {waere im Gewinnsinne praeziser} 26. Rxb5 Rc8 27. Kf3 $19) 26. Rxb5
f5 27. Kf3 Ra8 28. a3 28... Ra4 {Schwarz plant e4} 29. Rb3 Rc4 30. h3 g5 31. g3
e4+ 32. Kg2 Rc5 33. Kf1 (33. h4 {holt die Kuh nicht vom Eis} 33... Rxd5 34.
hxg5 Rd3 35. Rxd3 35... exd3 $19) 33... Rxd5 (33... Ba5 {
und Schwarz haette es noch leichter} 34. Kf2 $19) 34. Rc3+ 34... Rc5 {
Schwarz ergreift die Initiative} 35. Rxc5+ dxc5 36. h4 (36. b3 {
hilft auch nicht mehr} 36... c4 37. bxc4 37... Bxe3 $19) 36... c4 37. Ke2 gxh4
38. gxh4 h5 39. Kd2 Kc6 40. Ke2 Bd8 41. Kd2 Bxh4 42. a4 Bf6 43. a5 Kb5 44. a6
0-1

[Event "ICS rated blitz match"]
[Site "207.99.83.229"]
[Date "1999.06.27"]
[Round "?"]
[White "Hossa"]
[Black "DrHugoELO"]
[Result "1-0"]
[WhiteElo "2363"]
[BlackElo "2074"]
[Annotator "Fritz 5.32 (22s)"]
[PlyCount "33"]

1. e4 c6 2. d4 d5 3. Nc3 dxe4 4. Nxe4 Nf6 5. Nxf6+ gxf6 6. Nf3 Bf5 7. Bd3 Bg6
8. Bxg6 (8. Bf4 e6 9. Qd2 Bd6 10. Bxd6 Qxd6 11. O-O-O Nd7 12. h4 O-O-O 13. h5
Bxd3 14. Qxd3 Rdg8 15. g3 Rg4 16. Nh4 f5 17. Ng2 Rd8 18. Ne3 Rgg8 19. Nc4 Qc7
20. Qe3 Nf6 21. Ne5 Ng4 22. Qe2 22... Nxe5 {
Rabello,R-Van Riemsdijk,D/Open, Brasilia BRA 1998/1-0 (47)}) 8... hxg6 9. O-O
$15 (9. Be3 Nd7 10. Qd2 (10. Qe2 Qa5+ 11. Bd2 Qc7 12. O-O-O O-O-O 13. Qc4 e6
14. g3 Nb6 15. Qb3 Bd6 16. Ba5 Rh5 17. Bxb6 Qxb6 18. Qxb6 axb6 19. Rd3 Rh3 20.
Nd2 Rdh8 21. Nf1 g5 22. Rg1 g4 23. f4 gxf3 24. Rxf3 f5 25. Rg2 f4 26. Rff2 fxg3
27. Nxg3 f5 28. Kd1 Kd7 29. Nf1 R8h7 30. Ke2 c5 31. d5 exd5 32. Rxf5 d4 33. Rf3
R3h4 34. Rff2 c4 35. b3 Re7+ 36. Kd1 b5 37. Ng3 Bxg3 38. hxg3 Rh1+ 39. Kd2 {
0-1 Koch,W-Schmitzer,H/Hessen-chS 1992 (39)}) 10... e6 11. O-O-O Qc7 12. Kb1
O-O-O 13. Qc3 Nb6 14. h3 Kb8 15. Qb3 c5 16. dxc5 Bxc5 17. Nd2 Bxe3 18. Qxe3 Rd5
19. Nb3 Rhd8 20. Qf3 Qe5 21. Rxd5 Rxd5 22. Rd1 Nc4 23. c3 Rxd1+ 24. Qxd1 Qe4+
25. Ka1 Kc7 26. Qd7+ Kxd7 27. Nc5+ Ke7 28. Nxe4 f5 29. Nc5 b6 30. Nd3 Kd6 31.
b3 Nd2 32. Kb2 e5 33. Kc2 Ne4 34. f3 Nf6 35. Kd2 e4 36. Ne1 Ke5 37. fxe4 fxe4
38. c4 Nh5 39. g4 Ng3 40. Ke3 f5 41. Ng2 Nf1+ 42. Ke2 Nh2 43. gxf5 43... gxf5 {
Habermann,J-Schuster,B/GER-chJT Leipzig 1995/ - (63)}) (9. Qd3 Na6 10. Bd2 Qd7
11. O-O-O O-O-O 12. Ba5 Nc7 13. Bxc7 Qxc7 14. Qc4 e6 15. g3 c5 16. d5 Qd6 17.
Qa4 Kb8 18. c4 e5 19. Rhe1 Bg7 20. h4 f5 21. Kb1 e4 22. Ng5 Rd7 23. Nh3 23...
a6 {Simic Milan-Chandler Murray G/Vrsac Yugoslavia 1981/0-1 (40)}) (9. Qe2 9...
Bg7 $11) 9... e6 10. Bf4 10... Bd6 $11 (10... Qa5 11. Re1 $15) 11. Qd2 Qc7 12.
Bxd6 Qxd6 13. c4 Nd7 14. Rfe1 O-O-O 15. Qa5 Kb8 16. Re3 16... Rh5 $4 {
wild schwanken die Waagschalen...} (16... Nb6 $142 {geht wohl noch} 17. Qc3
17... Qc7 $11) 17. Qxd8# 1-0

[Event "ICS rated blitz match"]
[Site "207.99.83.229"]
[Date "1999.06.27"]
[Round "?"]
[White "DrHugoELO"]
[Black "Hossa"]
[Result "1-0"]
[WhiteElo "2136"]
[BlackElo "2368"]
[Annotator "Fritz 5.32 (22s)"]
[PlyCount "47"]

1. d4 Nf6 2. Nc3 d5 3. Bg5 e6 4. e4 dxe4 5. Nxe4 Be7 6. Bxf6 Bxf6 7. Nf3 Be7 8.
Bd3 O-O 9. h4 $11 (9. Qe2 f5 10. Ng3 10... c5 $14) 9... Nc6 (9... f5 10. Neg5
$11) 10. c3 {Ueberdeckt b4} 10... Qd5 11. Qe2 Bd7 12. Neg5 h6 13. Be4 Qa5 14.
g4 $17 (14. Qc2 hxg5 15. Bh7+ Kh8 16. hxg5 $18) 14... hxg5 ({Schwaecher scheint
} 14... Bxg5 15. hxg5 f5 16. gxf6 Rxf6 17. Qe3 $16) 15. hxg5 15... Rfd8 $15 (
15... g6 $5 $19 $142) 16. g6 (16. d5 Nb4 17. Bh7+ Kf8 18. dxe6 Bxe6 19. cxb4
Qxb4+ (19... Bxb4+ $6 20. Kf1 $15) 20. Kf1 20... g6 $17 (20... Qxg4 $4 {
den sollte Schwarz lieber stehen lassen} 21. Bf5 Kg8 22. Bxg4 Bxg4 23. Qe4 $18)
(20... Bxg4 21. Bf5 Kg8 22. Bxg4 Qxg4 23. g6 $14)) 16... f6 $4 $18 {
gibt den Vorteil aus der Hand} (16... Be8 $142 {war der letzte Versuch} 17.
Bxc6 17... bxc6 $15 (17... Bxc6 $2 18. gxf7+ Kxf7 19. Ne5+ Qxe5 20. Qxe5 (20.
dxe5 $143 20... Bxh1 21. f3 Bh4+ 22. Kf1 22... Bg3 $17) 20... Bxh1 21. Qh5+ Kg8
22. Qxh1 $18)) 17. O-O-O $4 $19 {und raufte sich die Haare} (17. Qf1 $142 {
und Weiss bekommt die Oberhand} 17... Bb4 18. Qh3 $18) 17... Qxa2 18. Bb1 Qa4
19. Rh5 (19. Qe1 Bb4 20. Rh3 20... Na5 $17) 19... Na5 $4 {
und der Gewinn ist perdu} (19... Bd6 $142 {
und aller Vorteil laege nun bei Schwarz} 20. Rdh1 Bf4+ 21. Nd2 21... Kf8 $19)
20. Rdh1 Nb3+ 21. Kd1 Nd2+ 22. Kxd2 Qxd4+ 23. Nxd4 c6 (23... e5 {
nuetzt auch nichts mehr} 24. Rh8#) 24. Rh8# 1-0

[Event "ICS Rated standard match"]
[Site "207.99.83.229"]
[Date "1999.06.27"]
[Round "?"]
[White "Jdonayre"]
[Black "Hossa"]
[Result "0-1"]
[WhiteElo "2036"]
[BlackElo "2223"]
[Annotator "Fritz 5.32 (22s)"]
[PlyCount "198"]

1. d4 d6 2. c4 e5 3. e3 Nf6 (3... Nd7 4. Nc3 g6 5. h4 (5. Bd3 Bg7 6. Nge2 f5 7.
O-O Ngf6 8. f3 O-O 9. Qc2 b6 10. Bd2 Bb7 11. d5 Bh6 12. b4 Qe7 13. e4 Bxd2 14.
Qxd2 f4 15. Nb5 Rfc8 16. Nc1 a5 17. bxa5 Rxa5 18. Nb3 Ra6 19. a4 19... Nc5 {
Balogh,P-Lytchak,A/EuJun, Tallinn EST 1997/0-1 (56)}) 5... Ngf6 6. g4 exd4 7.
exd4 Qe7+ 8. Be3 Nb6 9. Be2 h6 10. Nh3 Bd7 11. Nf4 Bc6 12. Rh3 Bg7 13. d5 Bd7
14. Bxb6 Nxg4 15. Bd4 Ne5 16. Re3 Qxh4 17. Bxe5 dxe5 18. Nd3 Qh2 19. Nc5 Bf5
20. Qa4+ Kf8 21. Nb5 e4 22. Nxb7 Be5 23. c5 Kg7 24. Nxc7 Bxc7 25. d6 25... Rab8
{0-1 Short,P-Watson,W/op, Kilkenny IRL 1996 (25)}) 4. dxe5 $146 (4. Nc3 c6 5.
Bd3 Nbd7 6. Nge2 Be7 7. b3 O-O 8. Bb2 a6 9. O-O Re8 10. Qc2 Bf8 11. Rad1 Qe7
12. dxe5 dxe5 13. Ng3 g6 14. Rd2 Nc5 15. Be2 a5 16. f4 e4 17. f5 Bg7 18. Kh1 h5
19. fxg6 fxg6 20. Ba3 b6 21. Rf2 h4 22. Nf1 Bf5 23. Na4 Nfd7 24. Nxc5 Nxc5 25.
g4 hxg3 26. Nxg3 Bh3 27. Bf1 Bxf1 28. Rxf1 a4 29. Bxc5 bxc5 30. Rf4 axb3 31.
axb3 Be5 32. Rg4 Qe6 33. Qxe4 Kg7 34. Nf5+ Kf8 35. Nh4 Ra1+ 36. Kg2 g5 37. Rxg5
Rg1+ 38. Kxg1 38... Bxh2+ {
Marinelli Tullio-Godena Michele/Lugano Switzerland (1) 1989/1-0 (80)}) 4...
Nfd7 $16 (4... dxe5 $5 {muss geprueft werden} 5. Qxd8+ 5... Kxd8 $11) 5. exd6
Bxd6 6. Nf3 Nc5 7. Nc3 Nbd7 8. Bd3 $14 (8. b4 Ne6 9. c5 9... Be7 $16) 8...
Nxd3+ 9. Qxd3 Nc5 10. Qc2 Bg4 11. Nd4 O-O 12. f3 $14 (12. O-O Qh4 13. h3 13...
Bh5 $16) 12... Qh4+ 13. Kf1 Bd7 14. b4 14... Ne6 {
Schwarz erhaelt starke Initiative} 15. Nxe6 $17 (15. Qe4 $142 {
damit waere Weiss im Spiel geblieben} 15... Qxe4 16. Nxe4 (16. fxe4 $143 16...
f5 $15) 16... Bxb4 17. Rb1 $11) 15... Qxc4+ ({Schlechter ist} 15... Bxe6 16.
Nd5 $11) 16. Qe2 Bxe6 ({Dagegen} 16... Qxc3 17. Nxf8 Qxa1 18. Nxd7 Qxc1+ 19.
Qe1 Qxe1+ 20. Kxe1 $19) ({Schlechter scheint} 16... Qxe6 17. Rb1 $15) 17. Bd2
Bxb4 18. Kf2 Qxe2+ 19. Kxe2 Rad8 20. Rhd1 $19 (20. Rhb1 c5 21. Ne4 Bc4+ 22. Ke1
Bxd2+ 23. Nxd2 23... Ba6 $19) 20... Bc4+ 21. Ke1 Rfe8 22. Ne4 (22. e4 Rd3 23.
Rac1 23... Red8 $19) 22... Rxd2 23. Rxd2 23... f5 $1 {nun ist alles klar} (
23... Bxd2+ $6 24. Kxd2 f5 25. Rc1 $17) 24. Rb1 24... Bxd2+ $1 {huebsch} 25.
Nxd2 Rxe3+ 26. Kd1 Be2+ 27. Kc1 Ba6 28. Rb3 (28. h4 28... Re2 $19) 28... Re2
29. Kc2 Rxg2 30. h4 (30. h3 {aendert den traurigen Lauf der Dinge nicht} 30...
Kf7 $19) 30... Rg6 (30... Kf7 {ginge schneller} 31. Rb4 $19) 31. Rc3 Rc6 (31...
Rh6 $5 {ist genauer} 32. Rxc7 Rxh4 33. Kc3 $19) 32. Rxc6 bxc6 33. Kc3 Kf7 34.
Kd4 (34. Nb3 34... Kg6 $19) 34... Ke6 (34... Kg6 $5 {
erleichterte Schwarz die Gewinnfuehrung} 35. f4 $19) 35. Nb3 Kd6 36. Nc5 Bc8
37. f4 g6 38. a4 h6 39. a5 h5 40. a6 Be6 41. Nb7+ Kd7 42. Ke5 Ke7 43. Na5 Bd5
44. Kd4 Ke6 45. Kc5 (45. Nb7 45... Bf3 $19) 45... Kd7 (45... g5 {
damit wuerde Schwarz es sich noch erleichtern} 46. fxg5 f4 47. Kd4 $19) 46. Kd4
Kd6 47. Nb7+ Ke6 48. Na5 Kd7 49. Nb7 Bg2 50. Nc5+ Ke7 51. Ke5 Bf1 52. Kd4 Kd6
53. Nb7+ Ke6 54. Nc5+ Ke7 55. Ke5 Bc4 56. Kd4 Be2 57. Ke5 Bb5 58. Kd4 Kd6 59.
Nb7+ Ke6 60. Nc5+ Ke7 61. Ke5 Be2 62. Kd4 Kd6 63. Nb7+ Ke6 64. Nc5+ Kf7 65. Ke5
Bf3 66. Nb7 Ke7 67. Nc5 Bd1 68. Nb7 Bc2 69. Nc5 Bb1 70. Nb7 Bd3 71. Nc5 Bc2 72.
Nb7 Bb3 73. Nc5 Bd5 74. Nb7 Bc4 75. Nc5 Kf7 76. Kd4 Bf1 77. Ke5 Bh3 78. Nd7 Ke7
79. Nc5 Bg2 80. Nb7 Be4 81. Nc5 Bf3 82. Nb7 Kd7 (82... Bd5 83. Nc5 $19) 83.
Nc5+ Ke8 84. Kf6 Bg4 85. Kxg6 (85. Ke6 85... Bd1 $17) 85... Ke7 86. Nb7 $2 (86.
Nb3 $19 $142) 86... Ke6 87. Kg5 (87. Nd8+ {waere gleichermassen fruchtlos}
87... Kd5 88. Kf6 88... c5 $19) 87... Kd5 88. Kf6 (88. Na5 {
aendert nichts am Ausgang der Partie} 88... c5 89. Nb3 89... c4 $19) 88... c5
89. Nd8 (89. Na5 {haette noch versucht werden koennen} 89... c4 90. Ke7 $19)
89... c4 {Schwarz zwingt den Gegner mit starken Drohungen nieder} 90. Nf7 c3
91. Ne5 Be2 92. Kxf5 92... c2 $1 {glaenzend gespielt. Droht Matt} 93. Ng6 93...
c1=Q {Mit der Mattdrohung Bd3} 94. Ne7+ Kd4 95. Kg5 Qc5+ 96. Nf5+ (96. Nd5 {
aendert nichts mehr} 96... Qf8 97. Ne7 Qxe7+ 98. Kh6 Qf7 99. f5 Bd3 100. Kg5
Qxf5+ 101. Kh6 Qg6#) 96... Ke4 97. Kf6 (97. Kg6 {hilft allerdings auch nicht}
97... Qxf5+ 98. Kg7 Bc4 99. Kh6 Qf8+ 100. Kh7 Kxf4 101. Kg6 Bd3+ 102. Kxh5 Qh8#
) 97... Qxf5+ 98. Ke7 (98. Kg7 {
kann das Vorangegangene nicht ungeschehen machen} 98... Bc4 99. Kh6 Qf8+ 100.
Kh7 Kxf4 101. Kg6 Bd3+ 102. Kxh5 Qh8#) 98... Bb5 99. Kd8 Qd7# 0-1

[Event "ICS rated blitz match"]
[Site "207.99.83.229"]
[Date "1999.06.27"]
[Round "?"]
[White "Hossa"]
[Black "narra"]
[Result "1/2-1/2"]
[WhiteElo "2343"]
[BlackElo "2112"]
[Annotator "Fritz 5.32 (22s)"]
[PlyCount "135"]

1. d4 d6 2. Nf3 Nf6 3. Nc3 g6 4. e4 Bg7 5. Bb5+ c6 6. Bd3 O-O 7. O-O Nbd7 8.
Bg5 $146 (8. Be3 Qc7 9. Ne2 e5 10. Ng3 Ng4 11. Qd2 Nxe3 12. Qxe3 exd4 13. Nxd4
Qb6 14. c3 Qxb2 15. Bc4 Ne5 16. Bb3 Qa3 17. f4 Ng4 18. Qd3 Qa5 19. f5 Bd7 20.
h3 Nf6 21. Qe3 Qe5 22. Rf3 d5 23. Raf1 c5 24. Nde2 c4 25. Bc2 dxe4 26. R3f2 Nd5
27. Qxe4 Qxe4 28. Bxe4 Ne3 29. Rb1 Nxf5 30. Nxf5 Bxf5 31. Bxf5 gxf5 32. Rxb7 {
- Pavlic,F-Hammer,A/Klinge-U17 1993 (32)}) 8... e5 9. dxe5 dxe5 10. Qd2 Qe7 11.
Rad1 Re8 12. Bh6 Nh5 13. Bxg7 Kxg7 14. Qe3 Nf4 15. Ne2 Nxe2+ 16. Bxe2 16... f6
{Kontrolliert g5} 17. c3 Nb6 18. Bd3 Bg4 19. Rd2 Rad8 20. Rfd1 Rd7 21. Be2 Red8
22. Rxd7 Rxd7 23. Rxd7 {Es droht Matt} 23... Qxd7 24. h3 24... Bxf3 $14 (24...
Be6 25. b3 $11) 25. Bxf3 ({Nicht} 25. Qxf3 25... Qd2 26. b3 26... Qxa2 $17)
25... Qd6 26. b4 h5 27. h4 Nc8 28. a4 b6 29. Qe2 Ne7 30. Qa6 Qd7 31. g3 Kf8 32.
Qe2 Qd6 33. Kh2 c5 34. b5 {Raumgewinn} 34... Qe6 35. c4 Qd6 36. Kh1 $15 (36.
Bg2 36... Kf7 $11) 36... Qd4 37. Kg1 $17 (37. g4 Nc8 38. gxh5 gxh5 39. Bxh5
39... Nd6 $11) 37... Nc8 38. Qf1 (38. Qe3 $5 38... Qxe3 39. fxe3 $15) 38... Nd6
39. Be2 Nxe4 40. Qg2 f5 41. Qf3 Ke7 42. Kg2 Kf6 43. Bf1 Nd6 44. Qc6 Qe4+ 45.
Kg1 Qxc6 46. bxc6 Ne8 47. Bg2 47... e4 $17 (47... Ke7 48. Bd5 $19) 48. f3 Ke5 (
48... exf3 49. Bxf3 Ke7 50. Kf2 $19) 49. fxe4 fxe4 50. Kf2 Kd4 51. Bf1 Nc7 52.
g4 $19 (52. Ke2 $5 $15 $142 {ist nicht von der Hand zu weisen}) 52... hxg4 53.
Be2 (53. Kg3 53... Ke3 $19) 53... Ke5 $17 (53... e3+ $5 $142 54. Kg3 Kc3 55.
Bxg4 55... Kd2 $19) 54. Bxg4 Kf4 55. h5 55... gxh5 {Es droht Matt} (55... Kxg4
$4 {Schwarz kann den Laeufer nicht nehmen} 56. h6 Kf4 57. h7 $18) 56. Bxh5 e3+
57. Ke2 Ke4 58. Bg6+ Kd4 59. Bf7 Na6 60. Bd5 60... Nc7 $11 (60... Ke5 $5 $17)
61. Bf7 a6 62. Bg8 b5 63. axb5 axb5 64. cxb5 Nxb5 65. Be6 (65. Bh7 65... c4 $17
) 65... c4 $11 (65... Ke4 $5 $142 66. Ke1 Kd3 67. Bf5+ 67... Kd4 $17) 66. Bxc4
Kxc4 67. c7 Nxc7 68. Kxe3 1/2-1/2